Сборник документов по истории Омской комсомольской организации. 1917 - август 1973 гг.

Бібліографічні деталі
Інші автори: Ошлаков Ю. Г. (редактор)
Мова:Російська
Опубліковано: Омск, Западно-Сибирское книжное изд-во, 1976
Серія:Лет легендарных перекличка
Предмети:
Формат: Книга
KOHA link:https://koha.lib.tpu.ru/cgi-bin/koha/opac-detail.pl?biblionumber=316279

MARC

LEADER 00000nam0a2200000 4500
001 316279
005 20231102002847.0
035 |a (RuTPU)RU\TPU\book\341717 
090 |a 316279 
100 |a 20160316d1976 k y0rusy50 ca 
101 0 |a rus 
102 |a RU 
105 |a a z 000zy 
200 1 |a Сборник документов по истории Омской комсомольской организации. 1917 - август 1973 гг.  |f под ред. Ю. Г. Ошлакова 
210 |a Омск  |c Западно-Сибирское книжное изд-во  |d 1976 
215 |a 296 с.  |c ил. 
225 1 |a Лет легендарных перекличка 
606 1 |a ВЛКСМ  |x Деятельность республиканских,краевых,областных,городских организаций  |2 stltpush  |3 (RuTPU)RU\TPU\subj\2605  |9 31154 
610 1 |a документы 
610 1 |a материалы 
610 1 |a Омская область 
610 1 |a история 
610 1 |a сборники 
686 |a Ф75(2)193  |v LBC/SL-A  |2 rubbk 
702 1 |a Ошлаков   |b Ю. Г.  |4 340 
801 1 |a RU  |b 63413507  |c 20160316 
801 2 |a RU  |b 63413507  |c 20160318  |g RCR 
942 |c BK